000 01104ngm a2200277 a 4500
005 20220317001256.0
008 160825s1986 ck g 000 0 spa
082 0 4 _a791.436
_bM14v
100 1 _aDuque Naranjo, Lisandro
_d1943-
245 1 0 _aVisa USA
_cdirección Lisandro Duque
_hvideograbación
250 _a1a. edición
300 _a1 videocasete en VHS (90 minutos)
_bsonido, color
_c20 cm
490 _aLa maleta
_ppelículas colombianas
500 _aLa película pertenece a la colección La Maleta. Dirigida para un público adulto
650 1 4 _2LEMB
_aPelículas Cinematográficas colombianas
_vVideocasetes
650 1 4 _2LEMB
_aSueños en el cine
_vVideocasetes
650 1 4 _2LEMB
_aAmor en el cine
_vVideocasetes
650 1 4 _2LEMB
_aRelaciones de pareja en el cine
_vVideocasetes
700 1 _aDuque Naranjo, Lisandro
_d1943-
_968564
942 _2ddc
_cVIDEOCASET
264 _aBogotá
_bMinisterio de Cultura
_c1986
336 _atexto
_btxt
_2rdacontent
337 _asin mediación
_bn
_2rdamedia
338 _avolumen
_bnc
_2rdacarrier
040 _aCO-BoRNBP
_bspa
_erda
_cCO-BoRNBP
999 _c6464
_d6464